000
00221nam a2200097Ia 4500
005
20251222114408.0
008
251222s1900||||xx |||||||||||||| ||spa||
082
_a
DVD0080/C28/2014
245
0
_a
Perro guardÃan:
942
_c
DVD
999
_c
1917
_d
1917